[Event "Grenke Chess Classic 3rd"]
[Site "Baden-Baden"]
[Date "2015.02.03"]
[Round "2"]
[White "Caruana, Fabiano"]
[Black "Bacrot, Etienne"]
[Result "1/2-1/2"]
[WhiteElo "2811"]
[BlackElo "2711"]
[Annotator "Krasenkow,M"]
[PlyCount "107"]
[EventDate "2015.02.02"]
[EventType "tourn"]
[EventRounds "7"]
[EventCountry "GER"]
[EventCategory "20"]
[SourceTitle "CBM 165"]
[Source "ChessBase"]
[SourceDate "2015.03.11"]
[SourceVersion "1"]
[SourceVersionDate "2015.03.11"]
[SourceQuality "1"]

1. d4 Nf6 2. c4 g6 3. f3 d6 4. e4 Bg7 5. Ne2 {This concept (White delays the
development of his b1 knight, and his other knight goes to c3) has recently
become popular. Frankly speaking, I don't see any major sense in it, other
than an attempt to avoid deeply developed theoretical lines.} O-O 6. Be3 c5 {
Other possibilities:} (6... e5) (6... Nc6) 7. Qd2 {This move means that White
plans to develop his b1 knight to a3 and then c2 (if not to c3, of course).} (
7. d5 {with idea Ne2-c3 and Nb1-d2 is another option.}) 7... Nc6 (7... Nbd7 8.
d5 b5 $5 9. cxb5 a6 10. Nec3 axb5 11. Nxb5 Ne8 12. N1c3 Nc7 13. Be2 Nxb5 14.
Nxb5 Qa5 15. Qxa5 Rxa5 16. Bd2 Ra4 17. Bc3 $16 {1/2 (31) Laznicka,V (2608)
-Hracek,Z (2613) Ostrava 2007}) (7... cxd4 $5 8. Nxd4 Nc6 9. Nc3 {leads to a
Sicilian Maroczy (B38) in a decent version for Black but it is not to
everyone's taste.}) 8. d5 (8. dxc5 dxc5 9. Bxc5 {needs checking; the following
game is not convincing:} Nd7 10. Be3 Qa5 $6 (10... Nde5 $5 11. Nec3 f5 $44) 11.
Qxa5 Nxa5 12. Nec3 (12. Nd4 $5) 12... Ne5 13. Nd2 Be6 14. Nd5 Bxd5 {1-0 (34)
Latorre Lopez Moreira,L (2093)-Zacarias,M (2184) Asuncion 2011} 15. exd5 $16) (
8. Nbc3 Qa5 (8... cxd4 9. Nxd4 {- B38}) 9. Rd1 a6 10. a3 e6 11. Nb1 Qxd2+ 12.
Rxd2 d5 13. dxc5 dxe4 14. Nec3 exf3 15. gxf3 e5 $13 {0-1 (39) Crouch,C (2388)
-Rose,M (2303) England 2013}) (8. Na3 $5 cxd4 9. Nxd4 Nd7 10. Nac2 Nc5 11. Be2
a5 $5 (11... Ne6 $6 12. O-O Nexd4 13. Nxd4 Nxd4 14. Bxd4 Bxd4+ 15. Qxd4 Qb6 16.
Qxb6 axb6 17. a4 Bd7 18. b3 Bc6 19. Kf2 Kg7 20. Rad1 Ra5 21. Bd3 f6 $14 {
1-0 (41) Indjic,A (2502)-Vovk,A (2564) Cappelle la Grande 2013})) 8... Ne5 (
8... Na5 9. Nec3 (9. Nc1 e6 10. Be2 exd5 11. cxd5 {1/2 (33) Kohlweyer,B (2440)
-Kerigan,D (2257) Vlissingen 2013} b5 $1 $132) (9. Na3 $5 a6 $5) 9... a6 10.
Na3 $1 (10. Bh6 b5 11. Bxg7 Kxg7 12. Qg5 (12. cxb5 axb5 {[%cal Ra5b3]}) 12...
bxc4 13. Na3 Nd7 14. h4 Ne5 15. h5 f6 16. Qe3 g5 $15 {1/2 (40) Rowson,J (2586)
-Hebden,M (2540) England 2013}) 10... Nxc4 ({looks nice but} 10... e6 $5 {
is probably more to the point}) 11. Bxc4 b5 12. Be2 (12. Naxb5 axb5 13. Bxb5
Ba6 14. a4 $5) 12... b4 13. Nc4 bxc3 14. bxc3 Rb8 15. O-O Qc7 16. a4 $14 a5 $6
17. Na3 Bd7 18. Nb5 $16 {[%csl Gb5] 1-0 (33) Ivanisevic,I (2624)-Rombach,M 
(2103) Deizisau 2014}) 9. Nec3 (9. Ng3 e6 10. Nc3 exd5 11. cxd5 {leads to a
position from Modern Benoni when White develops his g1 knight to e2 too early;
it is quite favorable for Black.}) 9... Nh5 (9... e6 {is more common but after}
10. Be2 exd5 11. cxd5 {is is not easy for Black to equalise:} h5 (11... Nh5 12.
O-O $5 (12. g4 $143 Nf6 13. h3 Re8 14. O-O h5 15. Bg5 Qc7 16. a4 hxg4 17. hxg4
Nh7 18. Bh6 Qe7 19. Bxg7 Kxg7 20. Na3 {1-0 (36) Ward,C (2498)-Mortensen,E 
(2450) Copenhagen 2002} g5 $11)) (11... Ne8 12. O-O f5 13. a4 Nf6 14. exf5 Bxf5
15. Na3 a6 16. Rae1 Re8 17. Bf4 Qc7 18. g4 Bd7 19. h3 Nf7 20. Kg2 Re7 21. Bc4
$14 {[%cal Yh3h4,Yh4h5] 1/2 (21) Bischoff,K (2564)-Stellwagen,D (2487) Germany
2004}) ({It is rather senseless for Black to play} 11... a6 {as White plans
a2-a4 and Nb1-a3 anyway:} 12. a4 Re8 13. O-O h5 14. Na3 Nh7 15. Kh1 (15. Rae1
$5 {may be even more useful}) 15... f5 16. exf5 Bxf5 17. Rae1 Rb8 18. h3 h4 19.
f4 Nf7 20. Bf2 Bf6 21. Bd3 $14 {0-1 (61) Dinic,G (2232)-Dimic,P (2243)
Belgrade 2013}) 12. O-O Nh7 13. a4 f5 14. exf5 Bxf5 15. Na3 Re8 16. Rae1 a6 17.
h3 Qh4 18. Bf2 Qb4 19. f4 Nf7 20. Nc4 Nf6 21. a5 Ne4 22. Nxe4 Rxe4 23. Qxb4
cxb4 24. g4 hxg4 25. hxg4 Rxe2 26. gxf5 Rxe1 27. Bxe1 gxf5 28. Bxb4 $14 {
_|_ 1-0 (45) Laznicka,V (2594)-Mamedov,R (2587) Pardubice 2007}) (9... a6 $5
10. a4 Nh5 11. Be2 f5 12. exf5 gxf5 13. Na3 Qe8 14. Bh6 Bxh6 15. Qxh6 Qg6 16.
Qxg6+ hxg6 17. g3 f4 18. g4 Nf6 19. O-O-O Kg7 20. Nab1 Bd7 21. Nd2 Rh8 22. h4
Rh7 23. Rh2 Rah8 24. Rdh1 g5 25. h5 Kh6 $11 {1/2 (42) Ivanisevic,I (2633)
-Damljanovic,B (2566) Skopje 2014}) {In the present game Black doesn't insert .
..a7-a6 a2-a4 and obtains a decent position, too.} 10. Be2 f5 11. Na3 $6 {
It was not a good idea to allow a blockade.} (11. exf5 $142 gxf5 12. Bh6 {
trading Black's strong bishop and keeping the position semi-open. In that case
Black's king will be unsafe, which gives White good chances although the
position requires further exploration.}) 11... f4 $1 12. Bf2 Bd7 13. Nc2 a6 14.
a4 g5 15. a5 Qe8 {[%mdl 32]} (15... g4 $142 $1 $36) 16. Rb1 {[%cal Yb2b4]} b5 {
A logical continuation of Black's plan but it is less dangerous for White than
a kingside break.} 17. axb6 a5 18. Na3 Qb8 (18... g4 $5 {still deserved
attention}) ({or} 18... Rb8 19. Ra1 Rxb6 20. Nab5 g4 $5) 19. Nab5 Qxb6 20. Ra1
Rfb8 21. Ra3 Qd8 22. Kd1 h6 23. Kc2 {White's king is safe, and now he seizes
initiative on the kingside, too.} Nf6 24. h4 $1 Be8 25. hxg5 hxg5 26. g3 Nh5
27. Rg1 Rb7 28. gxf4 gxf4 29. Bh4 a4 $6 {The pawn will be weak here.} (29...
Bg6 $142 30. Bg5 $140 Qf8 $14) 30. Bg5 Ng6 31. Rga1 ({White didn't like the
mess after} 31. Rxa4 Rxa4 32. Nxa4 Ng3 33. Bd3 Bxb5 34. cxb5 c4 35. Bxc4 Qc7) (
31. Bf1 $5 {[%cal Yd2h2,Yf1h3] was a good positional decision, with a clear
advantage for White.}) 31... Qc8 {[%cal Rc8h3]} 32. Bf1 Ng3 33. Bd3 $2 {
[%mdl 16384] A positional error. White should not allow Black's queen to h3.} (
33. Qh2 $1 Nxf1 34. Rxf1 {, and the initiative still belongs to White.}) 33...
Bxb5 34. Nxb5 Qh3 (34... Rxb5 $5 35. cxb5 c4 36. Be2 Rb8 $36 {(indicated by
the Chesspro.ru website)}) 35. Bxf4 Nxf4 36. Qxf4 Rf8 37. Qd2 Rxf3 38. Rxa4 Bh6
$6 {This allows White to simplify the game and obtain an endgame with an extra
pawn (however too hard to convert).} (38... Qh4 $1 {[%cal Rg3e4,Yh4f6]} 39.
Ra8+ Kf7 $44 {Black's king is safer than White's.}) 39. Ra8+ Kf7 40. Rh8 Bxd2
41. Rxh3 Bf4 42. Rh7+ Kg6 43. Rh2 Be5 44. Ra8 Kg5 (44... Kf7 $5) 45. Be2 Rf7
46. Rg8+ Rg7 47. Rf8 Rg6 48. Bd3 Rf6 49. Rf2 Rxf2+ 50. Rxf2 Rb8 51. Kb3 Bd4 52.
Rf3 Kg4 53. Rf7 Bf6 54. Kc2 1/2-1/2

[Event "RUS-ch 56th"]
[Site "Krasnoyarsk"]
[Date "2003.09.11"]
[Round "8"]
[White "Tregubov, Pavel V"]
[Black "Kornev, Alexei"]
[Result "1/2-1/2"]
[WhiteElo "2635"]
[BlackElo "2566"]
[Annotator "Hazai,L"]
[PlyCount "89"]
[EventDate "2003.09.03"]
[EventType "swiss"]
[EventRounds "9"]
[EventCountry "RUS"]
[SourceTitle "CBM 098"]
[Source "ChessBase"]
[SourceDate "2004.02.03"]
[SourceVersion "1"]
[SourceVersionDate "2004.02.03"]
[SourceQuality "1"]

1. d4 Nf6 2. c4 g6 3. g3 Bg7 4. Bg2 c5 5. Nf3 O-O 6. O-O d6 7. dxc5 dxc5 8. Ne5
{White uses his extra tempo in this symmetrical position for invading the [+]
and opening up the long /^. However with precise play Black can neutralize the
pressure.} (8. Nc3 Nc6 {- E65 main line.}) 8... Nfd7 (8... Qd4 $143 {looks
illogical.} 9. Nd3 {The target is usually >< c5.} Na6 10. Qb3 e5 11. Nc3 Qd6
12. Rd1 Qe7 13. Bg5 Rb8 14. Nd5 Qe6 15. Nxf6+ Bxf6 16. Bd5 Qe7 {Black has lost
a couple of tempi with his Q.} 17. Bxf6 Qxf6 18. Qc3 Nc7 19. Qxe5 $16 {
Wojtkiewicz-Cosma, Budapest 1993}) (8... Na6 $143 {The N is rather passive
here and far from the [+].} 9. Nc3 Rb8 10. Nd3 Nh5 {The other N is also on the
edge of the board.} 11. Nb5 Be6 12. Qb3 Qb6 13. Be3 f5 14. Rad1 Bf7 15. Qc2 Qa5
16. a3 $16 {Ehlvest-Byrne, New York op 1991}) (8... Qc7 9. Nd3 Bf5 (9... Nc6
10. Nc3 Bf5 11. Bf4 (11. Nxc5 {is met by} Na5 $132 {>< c4 is the usual target
for Black.}) 11... Qa5 (11... e5 {weakens the light squares, especially >< d5.}
12. Bg5 $14 {Stoica}) 12. Bd2 Bxd3 13. exd3 {White's P structure is corrupted,
but his pressure on the long /^ remains.} Qc7 14. Be3 Nd4 (14... Rfd8 $6 15.
Bxc5 Ne5 16. d4 Nxc4 17. Qe2 {White's ^^ is rather strong.} Nd6 18. a4 $16 {
Najdorf-Boleslavsky, Zurich ct 1953}) 15. Bxd4 cxd4 16. Nb5 $14 {and White's B
is the active one with ^-.}) (9... Nbd7 {hinders his own development.} 10. Nc3
a6 11. Bf4 {provoking another weakening move} e5 12. Bd2 Re8 13. Rc1 h5 14. b4
$1 $16 {Najdorf-Cantero, Montevideo 1954}) (9... Be6 10. Qb3 Nc6 11. Nxc5 Bg4
12. Qxb7 Qxb7 13. Nxb7 Nd4 14. Nc3 Nxe2+ 15. Nxe2 Bxe2 16. Re1 Bxc4 17. Rxe7
Nd5 {White still has problems with his development.} 18. Rd7 Nb6 19. Rd1 Be2
20. Re1 Bc4 21. Nd6 Rad8 22. Nxc4 Nxc4 $44 {Whiteley-Gufeld, Hastings 1988})
10. Nc3 Nbd7 (10... Nc6 {- 9...Nc6 10.Nc3 Bf5}) (10... Rd8 11. Qb3 Nc6 12. Bf4
e5 13. Bxc6 exf4 (13... Bxd3 14. Qxb7 $16) 14. Qxb7 Rac8 15. Qxc7 Rxc7 16. Bd5
$14 {and White is a healthy P up, Stoica.}) 11. Bf4 e5 {weakening >< d5 and
closing the /^ of the dark-squared B.} 12. Bg5 {fighting for the control over
>< d5.} Rfe8 $5 (12... h6 {White wants to take on f6 anyway.} 13. Bxf6 Nxf6 14.
Qb3 e4 {This closes the long /^ and opens the /^ for the g7 B, but allows the
white knights to take control over >< d5.} 15. Nf4 {/\ Nf5} b6 16. Rad1 Rfd8
17. Nfd5 $5 (17. e3 {is a bit passive.} Qe5 18. Qa4 Qe7 19. Qc2 g5 20. Nfd5
Nxd5 21. Nxd5 Qe5 22. a4 Bg6 $11 {I.Cosma-Florean, Romania ch 2001 81/(447)})
17... Nxd5 18. Nxd5 Qe5 19. Rd2 Rd7 20. Qe3 $14 {Stoica}) 13. Qb3 (13. e4 Bg4
14. Qb3 Qd6 $13 {Stoica}) 13... e4 14. Nf4 Qb6 $11) 9. Nxd7 (9. Nd3 Nc6 $1 (
9... Nb6 $143 10. Na3 Nc6 {Black temporarily sacrifices >< c5 in order to get
back >< c4.} 11. Nxc5 Qxd1 12. Rxd1 Na5 13. Rb1 Naxc4 14. Nxc4 Nxc4 15. b3 Na5
16. Bb2 {and after exchanging the dark-squared bishops the diffference between
the g2 and the c8 B becomes more relevant} Bf5 17. Bxg7 Kxg7 18. Rbc1 Rac8 19.
Nxb7 $16 {Loginov-Loskutov, Russia 1996}) (9... Ne5 10. Nxc5 (10. Nxe5 {
is not so logical.} Bxe5 11. Nc3 Qa5 (11... Nc6 12. Bh6 Re8 13. Qc1 Bf5 14. Rd1
Qc8 15. h4 $13 {Rosetto-Toran, Buenos Aires 1955}) 12. Bg5 Nc6 13. Bxc6 bxc6
14. Bxe7 Re8 15. Bg5 Qb4 $1 {White has won a P, but gave up his precious
fianchettoed B, now the counterattack begins.} 16. Na4 Qxc4 17. Rc1 Qg4 18. Bd2
Ba6 19. Re1 Rad8 $13 {Donner-Gligoric, Buenos Aires 1955}) 10... Qc7 11. Nd3
Nxc4 12. Qc2 (12. Nc3 Nc6 13. Qa4 Nb6 14. Qh4 Bf5 $11) 12... Na6 13. Nc3 Nd6
14. Bf4 {In an almost symmetrical position the extra tempo can be very useful.}
Bf5 15. e4 Be6 16. Rfc1 Rfc8 17. Qe2 Qd7 18. Nd5 $14 {Ehlvest-Sepp, Tallinn
2000}) 10. Nc3 (10. Nd2 $143 $6 {is rather passive hindering his own
development.} Nce5 11. Ne4 Nxc4 12. Qc2 Nd6 13. Nexc5 Nxc5 14. Qxc5 Bf5 15. Rd1
b6 16. Qb4 Rc8 $11 {Benko-Foldi, Hungary ch 1954}) 10... Nb6 (10... Nce5 11.
Nxe5 Nxe5 $14 {- 9.Nxd7}) (10... Nde5 11. Nxc5 (11. Nxe5 Bxe5 {- 9...Ne5})
11... Nxc4 {- 10...Nb6}) 11. Nxc5 Nxc4 12. Qa4 Nb6 13. Qh4 {White has improved
his Q's position.} e5 $5 (13... Qd4 14. N5e4 {+/= Marin} Bf5 15. Be3 (15. Rd1
Qb4 16. a3 Qb3 17. Bh6 Bxe4 {1/2:1/2 Cvitan-Marin, Debrecen EU-tch 1992}) 15...
Qe5 16. Rad1 (16. Bf4 Qa5 $13 {F.Olafsson-R.Byrne, Lugano 1970}) 16... Rfd8 17.
Nc5 {White's pieces are more active and the black Q remains vulnerable in the 
[+].} Rxd1 18. Rxd1 Qc7 19. g4 Be6 20. Nxe6 fxe6 21. Ne4 $16 {Loginov-Rogic,
Berlin op 1995}) 14. Bg5 (14. Qxd8 Rxd8 15. Bg5 f6) 14... f6 15. Be3 f5 $5 (
15... Qe7 16. Rac1 Rd8 17. Rfd1 Bf5 {(Kustar-Besztercsenyi, Hungary chT 1995)}
18. Nxb7 $1 {liquidating for a bit better _|_ by tactical means.} Qxb7 19. Bxb6
Qxb6 20. Qc4+ Kh8 21. Qxc6 Qxb2 22. Qb5 $14) 16. Bg5 Qd4 $11) 9... Nxd7 (9...
Qxd7 $1 {is recommended by the theory as an equalizing move.} 10. Nc3 (10. Qb3
$143 Nc6 11. Nc3 Nd4 $36 {and Black wins the important tempo, Buturin-Vombek,
Nova Gorica op 1997.}) (10. Qxd7 Nxd7 11. Nc3 Nb6 {counterattacking >< c4
immediately.} 12. Be3 Bd4 13. Bxd4 cxd4 14. Nb5 Nxc4 15. b3 Na5 16. Nxd4 e5 17.
Nb5 Bg4 $11 18. Rfe1 Rfd8 19. h3 Bd7 20. Nc7 Rac8 21. Rac1 Bc6 22. Nd5 Bxd5 23.
Rxc8 Rxc8 24. Bxd5 Rc2 25. a4 Kf8 26. b4 Nc6 27. Be4 Rc4 28. Bxc6 Rxc6 $15 {
Bulat-Matanovic, Yugoslavia ch 1953}) 10... Nc6 (10... Qxd1 $143 11. Rxd1 {
helps only for White to gain control over the d <->.} Nc6 12. Be3 Nd4 13. Rd2
Rb8 14. Nd5 e6 15. Ne7+ Kh8 16. Nxc8 {^^} Rfxc8 17. Rad1 Kg8 18. g4 $16 {
Gligoric-Bukic, Yugoslavia ch 1962}) 11. Qd5 (11. Qa4 Ne5 $5 {is the important
alternative here.} (11... Bxc3 {corrupts the P structure but gives up the
important ^^.} 12. bxc3 Qe6 (12... Ne5 13. Qxd7 $1 (13. Qb3 Qe6 14. Bd5 Qh3 $11
) 13... Bxd7 14. Bxb7 Rab8 15. Bd5 {White's ^^ can be dangerous in the long
run.} e6 16. Bf4 $14 (16. Be4 Nxc4 17. Bh6 Rfc8 18. Rab1 $14)) 13. Be3 Bd7) 12.
Qxd7 Bxd7 13. Bxb7 Rab8 $132) (11. Be3 Bd4 $1 {is not an easy move to find.}
12. Qd2 Rd8 13. Nb5 (13. Rad1 Bxc3 $1) 13... Bxe3 14. Qxe3 b6) 11... Qxd5 (
11... Qf5 12. Be4 Qg4 13. Bf3 Qf5 14. Be3 (14. Be4 {is only a repetition of
moves.}) 14... Nd4 15. Bxd4 Bxd4 $11 {and Black has the ^^, Larsen-Yanofsky,
Munich ol 1958.}) 12. cxd5 Nd4 13. Bg5 Re8 {looks more flexible.} (13... f6 {
This weakens a bit Black's position, but it remains playable.} 14. Bd2 (14. Bf4
Bd7 15. Rac1 Rac8 16. Rfe1 b6 $11 {Bulat-Bertok, Yugoslavia ch 1960}) 14... Bg4
15. Rae1 Rac8 {1/2:1/2 Ivkov-Gligoric, Yugoslavia ch 1955}) 14. Rac1 (14. e3
Nf5 15. Nb5 {(1/2:1/2 Ivkov-Gligoric, Sarajevo 1958)} Bxb2 16. Rab1 Be5 17. Bf4
Bxf4 18. gxf4 Rd8 19. Nc7 Rb8 20. Na6 Ra8 21. Nc7 $11 {and draw by repetition
of moves.} (21. Nxc5 b6 22. d6 Rb8 23. dxe7 Nxe7 $15 {Blagojevic-Bakic,
Vrnjacka Banja 1999})) 14... Bd7 15. Rfe1 Rac8 $11 {(Bulat-Gligoric,
Yugoslavia ch 1960)} 16. Bd2 e6 17. e3 {1/2:1/2 Wojtkiewicz-Sprenger, Goch 1998
}) 10. Qb3 Ne5 (10... Nb6 {Now Black cannot put more pressure on >< c4.} 11.
Rd1 Bd7 12. a4 $1 (12. Nc3 Qc8 13. Nb5 a6 14. Nc3 {weakening the position of
the N.} Qc7 15. Bg5 Rae8 16. Be3 Bc8 17. a4 Nd7 18. a5 Bxc3 19. Qxc3 {The ^^
is very important in these type of positions.} f6 20. Bf4 $16 {
Wojtkiewicz-Vouldis, Komotini 1993}) 12... Qe8 13. Nc3 Be6 14. Nd5 Bxd5 15.
cxd5 $16 {Najdorf-Letelier, Mar del Plata 1955}) 11. Nc3 (11. Rd1 $1 {looks
more precise fighting against Nc6-d4.} Qb6 12. Nc3 Qxb3 13. axb3 Nc6 14. Bxc6
bxc6 15. Be3 $14) 11... Nc6 (11... Qd4 12. Bg5 $1 $14 {Kurajica-Rogic,
Vinkovci 1995}) 12. Qb5 $1 (12. Rd1 {is already met by} Nd4) 12... Nd4 {
Black sacrifices a P in order to finish development and activate his pieces.} (
12... Qd6 {is the passive defence.} 13. Bf4 $5 {deserves attention as well,
for example:} (13. Ne4 Qe5 14. Qxc5 Be6 $1 {Marin} (14... Nd4 $6 {weakens ><
e7!} 15. Bg5 $1 {Marin} (15. Qxe5 Nxe2+ 16. Kh1 Bxe5 17. Bh6 {(Marin-L.Vajda,
Herculane 1996)} Bg7 18. Bxg7 Kxg7 19. Rfe1 Nd4 20. Rad1 $14) 15... Nxe2+ 16.
Kh1 Qxb2 17. Bxe7 {Now >< f6 becomes very vulnerable.} Re8 18. Rab1 Qxa2 (18...
Qe5 19. Qxe5 Bxe5 20. Nf6+ Bxf6 21. Bxf6 $16) 19. Nf6+ Bxf6 20. Bxf6 $16 {
and White's ^^ dominates the board.})) 13... e5 14. Ne4 Qc7 15. Be3 Nd4 16.
Qxc5 Qxc5 17. Nxc5 Nxe2+ 18. Kh1 $14) 13. Qxc5 Be6 14. Bg5 (14. Bxb7 Rb8 15.
Be4 Rc8 16. Qxa7 Bxc4 17. Re1 Bxe2 $1 18. Bg5 Rc7 $132 {gives Black good
tactical chances for the P.}) 14... b6 15. Qxe7 f6 16. Qxd8 Raxd8 17. Be3 Bxc4
(17... Nc2 18. Nd5 Nxa1 19. Rxa1 $14 {and White's compensation is more than
enough for the exchange.}) 18. Bxd4 Rxd4 19. b3 Be6 20. Rad1 Rfd8 21. Rxd4 Rxd4
22. Rd1 Rxd1+ 23. Nxd1 $14 {[%mdl 4096] White is a healthy P up, but Black's
strong ^^ gives him excellent drawing chances. This is a theoretically
important _|_.} f5 $1 24. Ne3 Kf8 25. Bd5 Bd7 $1 {Black has to avoid the
exchange of the bishops.} 26. Nc2 Ke7 {Now the black K becomes active as well.}
27. f3 Kd6 28. Bg8 h6 29. Kf2 a5 30. Ke3 Kc5 {It is not easy to force back
this active K.} 31. Kd3 Be5 32. e3 Bb2 33. Bf7 g5 34. f4 Bc6 35. Kd2 b5 36.
fxg5 hxg5 37. h4 gxh4 38. gxh4 {White has created a remote o^, and even so the
game will be soon ended in a draw.} Be4 {It is always a big threat to
liquidate for a ^- _|_.} 39. Nd4 Bxd4 40. exd4+ Kxd4 41. h5 Ke5 42. h6 Kf6 43.
h7 Kg7 44. Bg6 b4 45. Kc1 1/2-1/2

[Event "Alekhine Memorial"]
[Site "Paris/St Petersburg"]
[Date "2013.04.25"]
[Round "5"]
[White "Svidler, Peter"]
[Black "Vachier Lagrave, Maxime"]
[Result "0-1"]
[WhiteElo "2747"]
[BlackElo "2722"]
[Annotator "Krasenkow,M"]
[PlyCount "82"]
[EventDate "2013.04.21"]
[EventType "tourn"]
[EventRounds "9"]
[EventCountry "FRA"]
[EventCategory "20"]
[SourceTitle "CBM 154"]
[Source "ChessBase"]
[SourceDate "2013.05.15"]
[SourceVersion "1"]
[SourceVersionDate "2013.05.15"]
[SourceQuality "1"]

1. d4 Nf6 2. c4 g6 3. f3 e6 $5 {[%cal Yd7d5] A rare but possible continuation.}
4. e4 (4. Nc3 d5 5. cxd5 (5. Bg5 Bg7 6. e3 O-O 7. Qc2 h6 8. Bh4 c5 9. dxc5 dxc4
10. e4 Qa5 11. Bf2 b5 12. cxb6 axb6 13. Bxc4 Ba6 14. Bxa6 Nxa6 15. Nge2 Nb4 16.
Qb1 Rfd8 $44 {0-1 (40) Zhu Chen (2491)-Cmilyte,V (2514) Huashan City CHN 2013})
5... Nxd5 6. e4 Nxc3 7. bxc3 c5 8. Bb5+ Nd7 9. Ne2 cxd4 10. Qxd4 f6 11. e5 Kf7
12. exf6 Qxf6 13. Bf4 e5 14. Qc4+ Qe6 15. Bg3 Qxc4 16. Bxc4+ Kf6 17. f4 e4 18.
Rd1 Nb6 19. Bb3 Bc5 $13 {1-0 (48) Kasimdzhanov,R (2690)-Naumann,A (2535) Trier
GER 2013}) 4... d5 5. cxd5 (5. Nc3 dxe4 6. fxe4 e5 7. d5 Bc5 8. Nf3 Bg4 9. Bg5
h6 10. Bh4 g5 11. Bg3 Nbd7 12. Be2 Bxf3 13. Bxf3 h5 14. h3 Qe7 $11 {1-0 (61)
Korobov,A (2698)-Le Quang Liem (2717) Loo RUS 2013}) (5. e5 Nh5 6. f4 $6 Qh4+
7. g3 Nxg3 8. Nf3 Qh5 9. hxg3 Qxh1 10. Nc3 {1/2 (36) Vitiugov,N (2694)-Vachier
Lagrave,M (2713) Caleta ENG 2013} dxc4 $5 {[%cal Yc8d7,Yb8c6] - White's
compensation for the exchange is doubtful}) 5... exd5 6. Nc3 dxe4 7. fxe4 Bb4 {
Black immediately concentrates his fire on White's hanging pawns.} 8. Bg5 h6 9.
Bxf6 Qxf6 10. Nf3 Bg4 11. Bb5+ c6 12. Be2 Nd7 13. O-O Qe7 14. Qc1 O-O-O 15. Qf4
f5 16. Nb5 $5 {A good idea but Black has a sufficient defence. White could
also have exchanged pawns in advance:} (16. exf5 gxf5 $1 (16... Bxf5 $143 17.
Nb5 cxb5 18. Rac1+ Nc5 19. a3 Qxe2 20. axb4 Rd5 21. Rfe1 $1 Qxb2 22. Re5 Rxe5
23. Nxe5 $16) 17. Nb5 $1 {A possible line:} cxb5 18. Rac1+ Nc5 19. a3 Qe4 20.
Qxe4 fxe4 21. axb4 exf3 22. Rxc5+ Kb8 23. Bxf3 Bxf3 24. Rxf3 Rxd4 25. Rxb5 a6 {
, and the game should end in a draw}) 16... cxb5 17. Rac1+ Nc5 18. exf5 Qxe2 (
18... gxf5 $142 {- see above}) 19. Qxg4 gxf5 (19... Qe3+ $142 $1 20. Kh1 gxf5
21. Qxf5+ Kb8 22. dxc5 Rhf8) 20. Qxf5+ Kb8 21. dxc5 (21. Qf4+ $142 $1 Ka8 22.
dxc5 {[%cal Rf4b4] winning a tempo} Qxb2 23. c6 $1 $36) 21... Rhf8 22. Qe5+ $6
({It was essential to cover the 2nd rank:} 22. Qc2 $1 Qxc2 23. Rxc2 $14 {
Even if Black regains the c5-pawn, he will have to play accurately since
White's pawn advantage on the kingside can be more important than Black's on
the opposite flank, where he has doubled pawns and can't easily create a
passer.}) 22... Qxe5 23. Nxe5 Rfe8 {[%csl Gd8,Ge8][%cal Ge8e1,Gd8d1]} 24. c6 $6
(24. Nf3 $142) 24... Rd2 $1 {[%csl Rb2] The capture of the b2-pawn clears the
way for Black's queenside pawns.} 25. Rf5 Bd6 $1 26. Nd7+ Kc8 27. Nf6 (27. Rf7
$5 Re7 28. Rxe7 Bxe7 $15) 27... Re5 $1 28. Rxe5 Bxe5 {[%mdl 4096]} 29. Ne4 Rxb2
30. cxb7+ Kxb7 $17 {As the result of simplifications, Black has a clear
advantage: his rook is more active, and his bishop is stronger than White's
knight since the forthcoming passed pawns are on opposite sides. Black
gradually brings home his advantage.} 31. Nc5+ Ka8 32. Rd1 Bc7 33. Re1 a5 34.
Re6 Rc2 35. Nd3 h5 36. Rh6 Rxa2 37. Rxh5 Rd2 38. Nc5 a4 39. Rh6 Rd6 40. Rh8+
Ka7 41. Kf1 Rc6 0-1